000 00488nam a2200169Ia 4500
003 GCL
008 140319s9999 xx 000 0 eng d
040 _aGCL /
_cGCL
082 0 4 _aCH
_b423
_bL P
100 1 _aLOH, P.Y.[COMPILER]
245 1 0 _aPACIFIC CHILDREN'S DICTIONARY OF 2001 WORDS /
_cLOH, P.Y.[COMPILER]
700 1 _aRAJAN, SUNDARA
260 _a[S.N] :
_bPAN PACIFIC PUBLICATIONS PTE ،
_c1989
300 _a252
650 0 4 _aENCYCLOPEDIAS AND DICTIONARIES
942 _2ddc
_cBK
999 _c17472
_d17472